000 01274ngm a22003490a 4500
001 PT16744
003 AR-LpoUNG
005 20210202000238.0
007 vd cvaizq
008 191001s2001||||ag |||||||||||||||||spa d
037 _c$10
040 _aAR-LpoUNG
_bspa
_cAR-LpoUNG
_eaacr
041 _aspa
044 _aag
082 0 _a302.3 857asa
100 1 _aPostiglione, Gustavo
_edir.
245 1 3 _aEl asadito
260 _aBuenos Aires :
_bTranseuropa Video Entertainment,
_cc2001.
300 _aVHS (72 min.) : son., [col.]
505 0 _aMúsica: Ivan Tarabelli ; sonido: Carlos Rossano ; fotografía: Fernando Zago.
520 _aEl 30 de diciembre de 1999 se encuentrana a comer una asado siete amigos -más un invitado sorpresa-, la reunión se prolonga hasta las primeras horas del último dia del fin del milenio, en este tiempo se genera un intrépido debate donde se cruzan las mujeres, la política, el fútbol, el cine, la historieta y las relaciones entre ellos.
650 4 _aARGENTINA
650 4 _aASPECTOS SOCIALES
650 4 _aSOCIEDAD
651 4 _aArgentina
653 _aCINE ARGENTINO
653 _aVIDEOS
710 2 _aGAP (Firma comercial)
710 2 _aLa Máquina (firma comercial)
905 _a16744
942 _cVIDEO
999 _c54440
_d54440